| 000 | 00493nam a2200205Ia 4500 | ||
|---|---|---|---|
| 003 | 0100 | ||
| 008 | 130303s9999 xx 000 0 und d | ||
| 040 | _cARRUPELIB | ||
| 050 | _aBR115.J8F331991 | ||
| 100 | _aCalvez, Jean-Yves | ||
| 245 | _aFaith and justice | ||
| 245 | _bThe social dimension of evangelization | ||
| 260 | _aSt. Louis | ||
| 260 | _bThe Institute of Jesuit Sources | ||
| 260 | _C1991 | ||
| 300 | _a193p | ||
| 650 | _bEthics | ||
| 650 | _cSocial ethics | ||
| 942 | 0 | 0 | _01 |
| 999 |
_c20090 _d20090 |
||